| 000 | 00630nam a22002057a 4500 | ||
|---|---|---|---|
| 005 | 20140129105843.0 | ||
| 010 | _aB-508600-619 | ||
| 020 |
_a9781905863334 _c99.00 |
||
| 035 | _aB-508600-619 | ||
| 037 |
_adpl _bStar Pub/Ven |
||
| 082 | _aN | ||
| 100 | _aBronte, Charlotte | ||
| 245 |
_aJane Eyre/ _cby Charlotte Bronte |
||
| 260 |
_aLondon _bibs Books (UK) _c2012 |
||
| 270 |
_a55, Warren Street _bLondon _eWIT 5NW |
||
| 300 |
_a119p. _c22cm(Hb) |
||
| 490 | _aAbridged English Classics | ||
| 942 |
_2ddc _cCH _hN _mBRO |
||
| 999 |
_c82210 _d82210 |
||